La diplomacia española y Marruecos, 1907-1909 / (Record no. 9057)

MARC details
000 -LEADER
campo de control de longitud fija 01311nam a2200301 i 4500
001 - NÚMERO DE CONTROL
campo de control 9057
003 - IDENTIFICADOR DE NÚMERO DE CONTROL
campo de control ES-MaACL
005 - FECHA Y HORA DE LA ÚLTIMA TRANSACCIÓN
campo de control 20250801063011.0
008 - DATOS DE LONGITUD FIJA--INFORMACIÓN GENERAL
campo de control de longitud fija 930202s1990 sp ||||1| spa d
017 ## - NÚMERO DE COPYRIGHT O DE DEPÓSITO LEGAL
Número de copyright o de depósito legal M 43772-1990
Agencia que asigna Oficina Depósito Legal Madrid
020 ## - NÚMERO INTERNACIONAL ESTÁNDAR DEL LIBRO
Número Internacional Estándar del Libro 84-7232-569-5
024 7# - IDENTIFICADOR DE OTROS ESTÁNDARES
Número estándar o código 028-90-020-8
Fuente del número o código nipo
080 ## - NÚMERO DE LA CLASIFICACIÓN DECIMAL UNIVERSAL
Número de la Clasificación Decimal Universal 27(460:64)"1907/1909"
100 1# - ENTRADA PRINCIPAL--NOMBRE DE PERSONA
Nombre de persona Allendesalazar, José Manuel
Término indicativo de función/relación Autor
9 (RLIN) 20020
245 13 - MENCIÓN DEL TÍTULO
Título La diplomacia española y Marruecos, 1907-1909 /
Mención de responsabilidad, etc. José Manuel Allendesalazar
260 ## - PUBLICACIÓN, DISTRIBUCIÓN, ETC.
Lugar de publicación, distribución, etc. Madrid :
Nombre del editor, distribuidor, etc. Agencia Española de Cooperación Internacional, Instituto de Cooperación con el Mundo Árabe,
Fecha de publicación, distribución, etc. 1990
300 ## - DESCRIPCIÓN FÍSICA
Extensión 274 páginas ;
Dimensiones 25 cm
490 1# - MENCIÓN DE SERIE
Mención de serie Biblioteca diplomática española.
Nombre de parte o sección de la obra Estudios (Agencia Española de Cooperación Internacional) ;
Designación de volumen o secuencia 7
504 ## - NOTA DE BIBLIOGRAFÍA, ETC.
Nota de bibliografía, etc. Bibliografía: páginas 261-264
651 #4 - PUNTO DE ACCESO ADICIONAL DE MATERIA--NOMBRE GEOGRÁFICO
Nombre geográfico España-
Subdivisión general Relaciones-
Subdivisión geográfica Marruecos
9 (RLIN) 8470
710 2# - ENTRADA AGREGADA--NOMBRE DE ENTIDAD CORPORATIVA
Nombre de entidad corporativa o nombre de jurisdicción como elemento de entrada Agencia Española de Cooperación Internacional.
Término indicativo de función/relación Editor
9 (RLIN) 1266
710 2# - ENTRADA AGREGADA--NOMBRE DE ENTIDAD CORPORATIVA
Nombre de entidad corporativa o nombre de jurisdicción como elemento de entrada Instituto de Cooperación con el Mundo Árabe.
Término indicativo de función/relación Editor
9 (RLIN) 163366
830 #0 - PUNTO DE ACCESO ADICIONAL DE SERIE-TÍTULO UNIFORME
Título uniforme Biblioteca diplomática española.
Nombre de parte o sección de la obra Estudios (Agencia Española de Cooperación Internacional) ;
Designación de volumen o secuencia 7
9 (RLIN) 241466
852 ## - LOCALIZACIÓN
Ubicación ES-MaACL
Ubicación en estantería Depósito 2
Número de control de estantería L-16463
942 ## - ELEMENTOS DE ENTRADA SECUNDARIOS (KOHA)
Fuente del sistema de clasificación o colocación Clasificación decimal universal
Tipo de ítem Koha Libro impreso
Suprimir en OPAC No
Holdings
Estatus retirado Estado de pérdida Estado de daño No para préstamo Biblioteca de origen Biblioteca actual Ubicación en estantería Fecha de adquisición Fuente de adquisición Total de préstamos Signatura topográfica completa Código de barras Visto por última vez Precio de reemplazo Tipo de ítem Koha
        Biblioteca del Ateneo de Madrid Biblioteca del Ateneo de Madrid Depósito 2 17/01/2008     L-16463 1009245 23/02/2023 23/02/2023 Libro impreso